[Event "Untergrombach op"]
[Site "Untergrombach"]
[Date "1995.??.??"]
[Round "?"]
[White "Mowsziszian, Karen"]
[Black "Roederer, Kai"]
[Result "1-0"]
[WhiteElo "2470"]
[BlackElo "2190"]

1.d4 Nf6 2.c4 e6 3.Nf3 b6 4.g3 Ba6 5.Qa4 c6 6.Nc3 d5 7.cxd5 exd5 8.Ne5 b5
9.Qc2 Bd6 10.Bh3 O-O 11.O-O Re8 12.Nd3 Bc8 13.Bxc8 Qxc8 14.Bf4 Bf8 15.Kg2 Qe6
16.Be5 Ng4 17.Bxb8 Raxb8 18.h3 Nh6 19.e3 Nf5 20.Rae1 Bd6 21.Qd1 b4 22.Na4 Qg6
23.Qg4 Nh4+ 24.Qxh4 Qxd3 25.Qg4 Re6 26.Rc1 Rg6 27.Qd1 Qb5 28.b3 Re8 29.Re1 Qb7
30.Qc2 Bb8 31.Nc5 Qc7 32.f4 Qe7 33.Nd3 Re6 34.Qd2 h5 35.Nxb4 Rxe3 36.Rxe3 Qxe3
37.Qxe3 Rxe3 38.Rxc6 Kh7 39.Na6  1-0

[Event "Val Thorens op"]
[Site "Val Thorens"]
[Date "1995.??.??"]
[Round "?"]
[White "Mollov, Elin"]
[Black "Horvath, Csaba"]
[Result "0-1"]
[WhiteElo "2375"]
[BlackElo "2530"]

1.d4 Nf6 2.c4 e6 3.Nf3 b6 4.g3 Ba6 5.b3 Bb7 6.Bg2 Bb4+ 7.Bd2 c5 8.O-O O-O
9.Bc3 Na6 10.Bb2 cxd4 11.Qxd4 Be7 12.Nc3 Nc5 13.Rfd1 d6 14.Rac1 a6 15.Qe3 Qc7
16.Nd4 Bxg2 17.Kxg2 Rfe8 18.Qf3 Rac8 19.Kg1 Bf8 20.b4 Ncd7 21.Ne4 Nxe4 22.Qxe4 Ne5
23.b5 Nxc4 24.bxa6 d5 25.Qg4 Qa7 26.Ba1 Qxa6 27.e4 dxe4 28.Qxe4 Qxa2 29.Nc6 b5
30.Rd7 Nb6 31.Rb7 Qa6 32.Bxg7 f5 33.Qe5 Qxb7 34.Bxf8 Nc4  0-1

[Event "Vienna op"]
[Site "Vienna"]
[Date "1995.??.??"]
[Round "2"]
[White "Fassl, Erich"]
[Black "Polak, Tomas"]
[Result "1/2-1/2"]
[WhiteElo "2250"]
[BlackElo "2450"]

1.d4 Nf6 2.Nf3 e6 3.c4 b6 4.g3 Ba6 5.Qa4 Bb7 6.Bg2 c5 7.O-O Be7 8.Nc3 O-O
9.Bf4 cxd4 10.Nxd4 Bxg2 11.Kxg2 Qc8 12.Rfd1 a6 13.e4 Qb7 14.f3 d6 15.Be3 Rc8
16.Rac1 Nbd7 17.Qb3 Rab8 18.Nce2 Nc5 19.Qc2 b5 20.b4 Ncd7 21.Qb3 bxc4 22.Rxc4 Rxc4
23.Qxc4 Ne5 24.Qc1 Qxb4 25.Bf4 Qb2 26.Qc7 Ng6 27.Bxd6 Bxd6 28.Qxd6 e5 29.Rd2 Qxd2
30.Qxb8+ Nf8 31.Qxe5 Qxa2  1/2-1/2

[Event "Vienna op"]
[Site "Vienna"]
[Date "1995.??.??"]
[Round "4"]
[White "Novikov, Igor A"]
[Black "Kogan, Artur"]
[Result "1-0"]
[WhiteElo "2580"]
[BlackElo "2495"]

1.d4 Nf6 2.c4 e6 3.Nf3 b6 4.g3 Ba6 5.b3 Bb7 6.Bg2 Bb4+ 7.Bd2 a5 8.O-O O-O
9.Bc3 c5 10.Bb2 cxd4 11.Qxd4 d5 12.Ne5 Ra7 13.Nc3 dxc4 14.Nb5 Bxg2 15.Kxg2 Rb7
16.Qxd8 Rxd8 17.Nxc4 Rd5 18.Rfd1 Rbd7 19.Rxd5 Rxd5 20.Nc3 Bxc3 21.Bxc3 Nbd7
22.Rc1 Ne4 23.Be1 f6 24.Ne3 Rc5 25.Rd1 Rc7 26.Nc4 Kf7 27.f3 Nec5 28.Nd6+ Ke7
29.b4 axb4 30.Bxb4 Rc6 31.Nb5 Ke8 32.Rd2 Nb7 33.Kf2 Ne5 34.Nd4 Rc4 35.a3 Nd8
36.Nb5 Nb7 37.h3 Rc8 38.f4 Nc4 39.Rd4 e5 40.Rd1 exf4 41.gxf4 f5 42.Rd4 Nca5
43.Rd5 Nc6 44.Rxf5 Nxb4 45.axb4 Rc4 46.Kf3 Rxb4 47.Nc7+ Kd8 48.Rf7 Rb3+ 49.e3 Nd6
50.Ne6+ Ke8 51.Rxg7 Nf5 52.Rxh7 Rxe3+ 53.Kg4 Rxe6 54.Kxf5 Rc6 55.h4 Kf8 56.Rb7 Kg8
57.Kg5 Rc5+ 58.f5 Rc6 59.h5 Rc1 60.h6 Rg1+ 61.Kf6 Rh1 62.h7+ Kh8 63.Ke6 Re1+
64.Kf7 Kxh7 65.Kf8+ Kh8 66.Rxb6 Kh7 67.f6 Ra1 68.Re6 Ra8+ 69.Re8 Ra6 70.f7 Ra7
71.Re1 Ra8+ 72.Ke7 Ra7+ 73.Kf6 Ra6+ 74.Re6 Ra8 75.Re8 Ra6+ 76.Ke5 Re6+  1-0

[Event "Vladivostok op"]
[Site "Vladivostok"]
[Date "1995.??.??"]
[Round "6"]
[White "Gagarin, Vasilij"]
[Black "Arkhipov, Sergey"]
[Result "1/2-1/2"]
[WhiteElo "2440"]
[BlackElo "2515"]

1.d4 Nf6 2.Nf3 b6 3.c4 e6 4.g3 Ba6 5.b3 Bb4+ 6.Bd2 Be7 7.Bg2 c6 8.Bc3 Ne4
9.O-O Nxc3 10.Nxc3 d5 11.Ne5 O-O 12.Re1 Bb7 13.e4 dxc4 14.Nxc4 b5 15.Ne3 Na6
16.e5 Qb6 17.Qg4 Rad8 18.Red1 Rd7 19.Ne4 Kh8 20.Qh5 c5 21.dxc5 Nxc5 22.Rxd7 Nxd7
23.Rd1 Bxe4 24.Rxd7 Bg6 25.Qe2  1/2-1/2

[Event "Vladivostok Zaitsev"]
[Site "Vladivostok"]
[Date "1995.??.??"]
[Round "8"]
[White "Ivanov, Mikhail M"]
[Black "Tunik, Gennady"]
[Result "0-1"]
[WhiteElo "2445"]
[BlackElo "2515"]

1.d4 Nf6 2.c4 e6 3.Nf3 b6 4.g3 Ba6 5.Nbd2 Bb7 6.Bg2 c5 7.e4 cxd4 8.O-O d6
9.Nxd4 Qd7 10.b3 Be7 11.Bb2 O-O 12.Qe2 Nc6 13.f4 Nxd4 14.Bxd4 Bc6 15.a4 Rfd8
16.Kh1 Qe8 17.Rae1 Nd7 18.Ba1 Rac8 19.Nf3 Ba8 20.g4 Bf6 21.Bxf6 Nxf6 22.Nd4 e5
23.Nf5 Qf8 24.g5 Nd7 25.Rf3 exf4 26.Rxf4 Ne5 27.Ref1 Re8 28.Rh4 Re6 29.Qh5  0-1

[Event "Wattens op"]
[Site "Wattens"]
[Date "1995.??.??"]
[Round "?"]
[White "Schmied, Roman"]
[Black "Gerhold, Michael"]
[Result "0-1"]
[WhiteElo "1945"]
[BlackElo "2240"]

1.d4 Nf6 2.Nf3 e6 3.c4 b6 4.g3 Ba6 5.b3 Bb4+ 6.Bd2 Be7 7.Nc3 O-O 8.Bg2 d5
9.Ne5 c6 10.cxd5 cxd5 11.O-O Nfd7 12.Nf3 Nc6 13.Bc1 Rc8 14.Bb2 Bd6 15.Qd2 Qe7
16.Rfc1 Nf6 17.Ne1 Rc7 18.e3 Rfc8 19.a3 Na5 20.Qd1 h6 21.Bf1 Bxf1 22.Kxf1 e5
23.Nb5 Rxc1 24.Rxc1 Rxc1 25.Qxc1 e4 26.Qc2 Qd7 27.Nxd6 Qxd6 28.Kg2 Qd7 29.Bc3 Nb7
30.a4 Nd8 31.Bb4 Ne6 32.f4 exf3+ 33.Nxf3 Ng5 34.Ne5 Qh3+ 35.Kg1 Nfe4 36.Qg2 Qc8
37.Nd3 Qg4 38.Qf1 f6 39.Nf4 Nxg3 40.hxg3 Qxg3+ 41.Kh1 Qxe3 42.Nxd5 Qe4+ 43.Qg2 Qh4+
44.Qh2 Qxd4 45.Qd6 Qd1+ 46.Kh2 Qe2+ 47.Kh1 Qf3+ 48.Kh2 Ne4 49.Qe6+ Kh7 50.Bd6 Ng5
51.Nxf6+ gxf6 52.Qe7+ Kg6 53.Qe8+ Kf5 54.Qd7+ Ne6 55.Qh7+ Kg4 56.Qg8+ Ng5
57.Qc4+ Kh5 58.Bg3 Qg4 59.Qf1 f5 60.Bb8 Nf3+ 61.Kh1 a6 62.b4 f4 63.b5 Qh4+  0-1

[Event "Sonnevanck"]
[Site "Wijk aan Zee"]
[Date "1995.??.??"]
[Round "1"]
[White "Wells, Peter K"]
[Black "Van den Doel, Erik"]
[Result "1-0"]
[WhiteElo "2530"]
[BlackElo "2305"]

1.d4 Nf6 2.c4 e6 3.Nf3 b6 4.g3 Ba6 5.b3 Bb4+ 6.Bd2 Be7 7.Bg2 c6 8.O-O O-O
9.Bc3 d5 10.Ne5 Nfd7 11.Nxd7 Nxd7 12.Nd2 Rc8 13.e4 c5 14.exd5 exd5 15.dxc5 dxc4
16.c6 cxb3 17.Re1 Bb5 18.axb3 Bxc6 19.Bxc6 Rxc6 20.Rxa7 Rxc3 21.Nb1 Rc7 22.Rxc7 Qxc7
23.Rxe7 Rd8 24.Qd5 Kh8 25.Qxf7 Qc1+ 26.Kg2 Qc6+ 27.f3 Qc2+ 28.Kh3 Rg8 29.Na3 Qc1
30.Rxd7 Qxa3 31.Qd5 h6 32.f4 Qc5 33.Qxc5 bxc5 34.Rd3 Rb8 35.Kg4 Rb5 36.Kf3 Rb4
37.Rc3 Kg8 38.Ke3 Kf7 39.Kd3 Ke6 40.Kc2 Kd5 41.Rd3+ Ke6 42.Re3+ Kf6 43.Rc3 Rb5
44.Rd3 Ke6 45.Re3+ Kf6 46.Kc3 Rb4 47.Re5 Rb5 48.h4 g6 49.g4 Kf7 50.g5 hxg5
51.hxg5 Kf8 52.Re6 Kf7 53.Rf6+ Kg7 54.Rc6 Kf7 55.Ra6 Rb4 56.Ra4 Rb6 57.Ra5 Rb4
58.Rxc5 Rxf4 59.b4 Ke7 60.Rc6 Kf7 61.b5 Rg4 62.Rc5 Ke7 63.b6 Rg1 64.Rb5 Rc1+
65.Kd3 Rc8 66.b7 Rb8 67.Rb6 Kd8 68.Rxg6  1-0

[Event "Sonnevanck"]
[Site "Wijk aan Zee"]
[Date "1995.??.??"]
[Round "2"]
[White "Ftacnik, Lubomir"]
[Black "Van den Doel, Erik"]
[Result "1-0"]
[WhiteElo "2605"]
[BlackElo "2305"]

1.d4 Nf6 2.Nf3 e6 3.c4 b6 4.g3 Ba6 5.Nbd2 Bb7 6.Bg2 c5 7.e4 cxd4 8.Nxd4 d6
9.O-O Qc7 10.b3 Be7 11.Bb2 O-O 12.f4 a6 13.g4 Nc6 14.Nc2 Nd7 15.g5 b5 16.Qh5 bxc4
17.Rf3 Rfe8 18.Nxc4 d5 19.Rh3 Nf8 20.f5 exf5 21.exd5 Bc5+ 22.Kh1 Ne7 23.Rd1 Rad8
24.Be5 Qc8 25.Rhd3 Neg6 26.Bg3 f4 27.Be1 Qf5 28.Qf3 Qxg5 29.b4 Ba7 30.Bf2 Bxf2
31.Qxf2 Nh4 32.Na5 Bc8 33.Nc6 Rd6 34.Rg1 Rg6 35.Ne1 Bf5 36.Rd1 Qg4 37.Nf3 Nxg2
38.Rxg2 Qh3 39.d6 Be4 40.Ne7+ Rxe7 41.dxe7  1-0

[Event "Wrexham"]
[Site "Wrexham"]
[Date "1995.??.??"]
[Round "6"]
[White "Neffe, Axel"]
[Black "Csom, Istvan"]
[Result "0-1"]
[WhiteElo "2245"]
[BlackElo "2455"]

1.d4 Nf6 2.c4 e6 3.Nf3 b6 4.g3 Ba6 5.Qa4 Bb7 6.Bg2 c5 7.O-O Be7 8.Rd1 cxd4
9.Nxd4 Bxg2 10.Kxg2 Qc8 11.Bf4 Qb7+ 12.f3 a6 13.Nc3 O-O 14.Nb3 Rc8 15.Rd2 h6
16.Be5 Nc6 17.Bxf6 gxf6 18.Rc1 f5 19.Kg1 Rc7 20.f4 Bf8 21.e3 Rb8 22.Na1 Na5
23.Nd1 Rbc8 24.b3 Nc6 25.Nc3 Rb8 26.b4 Nxb4 27.Qd1 Rxc4 28.Rxd7 Qc6 29.Ne2 Rxc1
30.Nxc1 Nd5  0-1

[Event "Wrexham"]
[Site "Wrexham"]
[Date "1995.??.??"]
[Round "8"]
[White "Bronstein, David I"]
[Black "Davies, Nigel R"]
[Result "1/2-1/2"]
[WhiteElo "2445"]
[BlackElo "2505"]

1.d4 Nf6 2.c4 e6 3.Nf3 b6 4.g3 Ba6 5.b3 Bb7 6.Bg2 Bb4+ 7.Bd2 Be7 8.O-O c6
9.Nc3 d5 10.Ne5 O-O 11.Bg5 Nfd7 12.Bxe7 Qxe7 13.Nd3 Nf6 14.Qc2 Na6 15.Rad1 Rfd8
16.cxd5 cxd5  1/2-1/2

[Event "EU-ch U18"]
[Site "Zagan"]
[Date "1995.??.??"]
[Round "10"]
[White "Avrukh, Boris"]
[Black "Van den Doel, Erik"]
[Result "1-0"]
[WhiteElo "2430"]
[BlackElo "2305"]

1.d4 Nf6 2.c4 e6 3.Nf3 b6 4.g3 Ba6 5.b3 Bb4+ 6.Bd2 Be7 7.Bg2 d5 8.cxd5 exd5
9.Nc3 O-O 10.O-O Bb7 11.Qc2 Na6 12.Rad1 Qc8 13.Bf4 Rd8 14.Ng5 Nb4 15.Qb1 h6
16.Bh3 Qb8 17.Nf3 Nh5 18.Bc1 c5 19.a3 Na6 20.Be3 Nc7 21.Ne5 Ne8 22.b4 c4
23.a4 a6 24.Bg2 Nhf6 25.Rd2 Nd6 26.Bf4 Qc8 27.b5 axb5 28.axb5 Ra3 29.Rc1 Qa8
30.Rb2 Kf8 31.Qf5  1-0

[Event "Zalakaros op"]
[Site "Zalakaros"]
[Date "1995.??.??"]
[Round "4"]
[White "Peter, Ambrus"]
[Black "Kustar, Sandor"]
[Result "1-0"]
[WhiteElo "2335"]
[BlackElo "2435"]

1.d4 Nf6 2.c4 e6 3.Nf3 b6 4.g3 Ba6 5.b3 Bb4+ 6.Bd2 Be7 7.Bg2 Bb7 8.Nc3 O-O
9.O-O c5 10.d5 exd5 11.Nh4 Ne4 12.Nf5 Bf6 13.Rc1 Nxc3 14.Bxc3 Bxc3 15.Rxc3 Qf6
16.Qc2 Nc6 17.g4 dxc4 18.g5 Qe5 19.Re3 cxb3 20.axb3 Nd4 21.Rxe5 Nxc2 22.Bxb7 Rae8
23.Re4 g6 24.Nh6+ Kg7 25.e3 f5 26.Rxe8 Rxe8 27.Rd1 Re7 28.Bc8 f4 29.exf4 Nd4
30.Kg2 d5 31.f5 gxf5 32.Rxd4 Rc7 33.Rxd5 Rxc8 34.Nxf5+  1-0

[Event "Zaragoza op-A"]
[Site "Zaragoza"]
[Date "1995.??.??"]
[Round "1"]
[White "Damljanovic, Branko"]
[Black "Veingold, Aleksandr"]
[Result "1/2-1/2"]
[WhiteElo "2575"]
[BlackElo "2410"]

1.d4 Nf6 2.c4 e6 3.Nf3 b6 4.g3 Ba6 5.b3 Bb4+ 6.Bd2 Be7 7.Nc3 c6 8.e4 d5 9.cxd5 Bxf1
10.Kxf1 cxd5 11.e5 Ne4 12.Qe2 Nxc3 13.Bxc3 Qc8 14.Qb5+ Nc6 15.Kg2 a6 16.Qd3 a5
17.Rac1 Qa6 18.Qb1 Kd7 19.h4 h5 20.Rhd1 g6 21.Qb2 Rac8 22.a4 Rc7 23.Qd2 Rhc8
24.Ng1 Ba3 25.Ra1 Bf8 26.Ne2 Ne7 27.Ra2 Nf5 28.Qd3 Qxd3 29.Rxd3 Be7 30.Kf1 Bf8
31.Kg2 Ne7 32.Kh3 Nc6 33.Rb2 Ba3 34.Rb1 Bb4 35.Bd2 Bxd2 36.Rxd2 Ne7 37.Rbb2 Nc6
38.Kg2 Nb4 39.Kf3 Rb7 40.Kf4 b5 41.Kg5 Ke7 42.Rb1 bxa4 43.bxa4 Rbc7 44.f3 Rc4
45.g4 Rh8 46.Rc1 Kf8 47.Rxc4 dxc4 48.Rd1 Kg7 49.Rc1 hxg4 50.fxg4 Rc8 51.h5 gxh5
52.gxh5 Nd5 53.Nc3 Nxc3  1/2-1/2

[Event "RUS-ch sf"]
[Site "Arkhangelsk"]
[Date "1996.??.??"]
[Round "?"]
[White "Lebedev, Vasili"]
[Black "Lobach, Pavel V"]
[Result "0-1"]
[WhiteElo "2215"]
[BlackElo "2270"]

1.d4 Nf6 2.c4 e6 3.Nf3 b6 4.g3 Ba6 5.b3 Bb4+ 6.Bd2 Be7 7.Bg2 O-O 8.O-O d5
9.Ne5 c6 10.Bc3 Nfd7 11.Nxd7 Nxd7 12.Nd2 b5 13.Qc2 Rc8 14.e4 Nb6 15.c5 b4
16.Bxb4 Bxf1 17.Rxf1 Nd7 18.e5 Qe8 19.Bc3 f6 20.b4 fxe5 21.dxe5 Qh5 22.f4 g5
23.f5 exf5 24.Rxf5 Nxc5 25.bxc5 Bxc5+ 26.Kh1 Rxf5 27.Qxf5 Rf8 28.Qe6+ Kh8
29.Nf3 Rxf3 30.g4 Qf7 31.Qxf7 Rxf7 32.e6+ Rg7 33.Bxg7+ Kxg7 34.Bf1 Kf6 35.Bd3 h6
36.Bf5 Ke5 37.Kg2 Kf4 38.Kf1 Ke3  0-1

[Event "GRE-ch"]
[Site "Athens"]
[Date "1996.??.??"]
[Round "7"]
[White "Haritakis, Theodoros"]
[Black "Skembris, Spyridon"]
[Result "1-0"]
[WhiteElo "2320"]
[BlackElo "2420"]

1.d4 Nf6 2.c4 e6 3.Nf3 b6 4.g3 Ba6 5.b3 Bb4+ 6.Bd2 Be7 7.Bg2 c6 8.Bc3 O-O
9.O-O d5 10.Ne5 Nfd7 11.Nxd7 Nxd7 12.Nd2 Rc8 13.e4 b5 14.Re1 dxc4 15.bxc4 Nb6
16.Rb1 b4 17.Ba1 Nxc4 18.Nb3 Na3 19.Rc1 Bc4 20.Bb2 Bxb3 21.Qxb3 Nb5 22.Rc4 Qb6
23.Rec1 Rfd8 24.d5 c5 25.Bh3 exd5 26.exd5 Rb8 27.Be5 Bd6 28.Bxd6 Rxd6 29.Rxc5 Nc3
30.Qc4 Re8 31.Rc2 Re1+ 32.Kg2 Rd8 33.Rc8 Ree8 34.Rc6 Qb7 35.Rd2 Qe7 36.Rc7 Qd6
37.Rxa7 Nxd5 38.Rd4 Qe5 39.Rb7 g5 40.Bd7 b3 41.Rxd5 Qe4+ 42.Qxe4 Rxe4 43.axb3 Kf8
44.Bf5  1-0

[Event "AUT-chT2O 9697"]
[Site "Austria"]
[Date "1996.??.??"]
[Round "3"]
[White "Krizsany, Laszlo"]
[Black "Polak, Tomas"]
[Result "1-0"]
[WhiteElo "2430"]
[BlackElo "2440"]

1.d4 Nf6 2.c4 e6 3.Nf3 b6 4.g3 Ba6 5.b3 Bb7 6.Bg2 Bb4+ 7.Bd2 a5 8.O-O O-O
9.Bg5 a4 10.Nbd2 h6 11.Bxf6 Qxf6 12.Qc2 c5 13.Rad1 axb3 14.axb3 cxd4 15.Ne4 Bxe4
16.Qxe4 Ra3 17.Nxd4 Bc5 18.e3 Bxd4 19.Rxd4 Rxb3 20.Qb7 Qe5 21.Rfd1 b5 22.cxb5 Rxb5
23.Qa7 Rc8 24.Rd6 Qb2 25.Be4 Qb4 26.Qa8 Qc5 27.R1d2 Ra5 28.Qb7 Ra7 29.Qb3 Ra3
30.Qb7 Ra1+ 31.Kg2 Ra7 32.Qb3 Qe5 33.Bb7 Rc7 34.Bf3 Na6 35.Rxa6 Rxa6 36.Qb8+ Kh7
37.Rxd7 Raa7 38.Rxf7 h5 39.h4 Kg6 40.Rf4 Kh6 41.Rf7 Kg6 42.Rf8 Kh7 43.Rh8+ Kg6
44.Bxh5+ Qxh5 45.Qe8+ Rf7 46.Qxe6+ Rf6 47.Qe4+  1-0

[Event "AUT-chT9596"]
[Site "?"]
[Date "1996.??.??"]
[Round "?"]
[White "Herndl, Harald"]
[Black "Titz, Heimo"]
[Result "1/2-1/2"]
[WhiteElo "2335"]
[BlackElo "2305"]

1.d4 Nf6 2.c4 e6 3.Nf3 b6 4.g3 Ba6 5.Qb3 c5 6.Bg2 Nc6 7.Ne5 Nxd4 8.Qa4 Qc8
9.Bxa8 Qxa8 10.f3 Bb7 11.Bg5 Nc6 12.Bxf6 gxf6 13.Nxc6 Bxc6 14.Qc2 f5 15.Nc3 Bg7
16.O-O-O O-O 17.Qd2 Qb8 18.Rhe1 Qe5 19.e4 fxe4 20.fxe4 f5 21.exf5 Qxf5 22.Qd3 Qh5
23.Qc2 Rf3 24.Ne4 Bd4 25.Qe2 Qf5 26.Nd6 Qg5+ 27.Qd2 Be3 28.Rxe3 Qxe3 29.Nc8 Qxd2+
30.Rxd2 Rf1+ 31.Rd1 Rf2 32.Rd2 Rf1+ 33.Rd1 Rf2 34.Rd2 Rf1+  1/2-1/2

[Event "AUT-chT9596"]
[Site "?"]
[Date "1996.??.??"]
[Round "?"]
[White "Stajcic, Nikola"]
[Black "Kostic, V Vladimir"]
[Result "1-0"]
[WhiteElo "2325"]
[BlackElo "2325"]

1.d4 Nf6 2.Nf3 e6 3.c4 b6 4.g3 Ba6 5.Qb3 Nc6 6.Nbd2 d5 7.Qa4 Bb7 8.Ne5 Bd6
9.cxd5 exd5 10.Nxc6 Qd7 11.Bg2 O-O 12.O-O Bxc6 13.Qc2 Rfe8 14.Nb1 Bb7 15.Nc3 h6
16.Qb3 c6 17.Re1 Qf5 18.Bd2 Re7 19.Rac1 Rae8 20.Qc2 Qxc2 21.Rxc2 Bc8 22.a3 Ba6
23.Bf4 Bxf4 24.gxf4 Nh5 25.f5 Bd3 26.Rd2 Bxf5 27.b4 b5 28.a4 a6 29.axb5 axb5
30.Ra1 Nf4 31.Bf3 Re6 32.Kh1 Rg6 33.Rda2 Kh7 34.Ra7 Nh3 35.Rf1 Rf6 36.Ra6 Bg6
37.Kg2 Ng5 38.Bg4 Re7 39.e3 Ne4 40.Nxe4 Bxe4+ 41.f3 Bd3 42.Re1 g6 43.h4 Kg7
44.Kf2 Rd6 45.Rd1 Bc4 46.Bh3 f5 47.h5 f4 48.exf4 Re2+ 49.Kg3 gxh5 50.f5 Re7
51.Kf4 Rf6 52.Rg1+ Kh7 53.Ra8 Rg7 54.Re1 Rg8 55.Re7+ Rg7 56.Ree8 Rb7 57.Ke5  1-0

[Event "AUT-ch"]
[Site "AUT"]
[Date "1996.??.??"]
[Round "9"]
[White "Wohlfahrt, Herbert J"]
[Black "Titz, Heimo"]
[Result "1-0"]
[WhiteElo "2235"]
[BlackElo "2325"]

1.d4 Nf6 2.Nf3 e6 3.c4 b6 4.g3 Ba6 5.b3 Bb7 6.Bg2 Bb4+ 7.Bd2 a5 8.O-O O-O
9.Nc3 d6 10.Qc2 Nbd7 11.Rfe1 Bxc3 12.Bxc3 Be4 13.Qb2 c6 14.Nd2 Bxg2 15.Kxg2 d5
16.e4 b5 17.e5 b4 18.exf6 bxc3 19.Qxc3 Nxf6 20.c5 Qc7 21.a3 Rfb8 22.Reb1 Rb5
23.b4 Rab8 24.bxa5 Ne4 25.Qc2 Nxd2 26.Rxb5 Rxb5 27.Qxd2 Qxa5 28.Qf4 h6 29.Qd6 Qa6
30.a4 Rb4 31.a5 Kh7 32.Qf4 Rb7 33.g4 Kg8 34.h4 Rb5 35.g5 h5 36.g6 fxg6 37.Qe5 Kh7
38.Qxe6 Rb2 39.Qe5 Re2 40.Qg3 Re4 41.f3 Rxd4 42.Kh1 Rd3 43.Rg1  1-0

[Event "Balatonbereny IM-A"]
[Site "Balatonbereny"]
[Date "1996.??.??"]
[Round "3"]
[White "Kiss, Pal"]
[Black "Frosch, Erich"]
[Result "1/2-1/2"]
[WhiteElo "2485"]
[BlackElo "2275"]

1.d4 Nf6 2.c4 e6 3.Nf3 b6 4.g3 Ba6 5.b3 d5 6.Bg2 Bb4+ 7.Bd2 Qe7 8.O-O Ne4
9.Bxb4 Qxb4 10.Qc2 O-O 11.Ne5 Bb7 12.Rc1 Na6 13.a3 Qd6 14.cxd5 exd5 15.Nc3 c5
16.Nxe4 dxe4 17.Bxe4 Bxe4 18.Qxe4 Rae8 19.e3 cxd4 20.exd4 f6 21.Qc6 Qxd4
22.Nf3 Qe4 23.b4 Nc5 24.Qxe4 Nxe4 25.Rc7 Rf7 26.Rac1 Nd6 27.Nd4 Rxc7 28.Rxc7 Re4
29.Nc6 a5 30.bxa5 bxa5 31.Nxa5 Ra4 32.Nc6 Rxa3 33.Nd4 Ra1+ 34.Kg2 Re1 35.Rd7 Ne8
36.h4 Kf8 37.Nf5 g6 38.Ne3 h5 39.Nd5 g5 40.hxg5 fxg5  1/2-1/2

[Event "Balatonbereny"]
[Site "Balatonbereny"]
[Date "1996.??.??"]
[Round "5"]
[White "Horvath, Jozsef"]
[Black "Romanishin, Oleg M"]
[Result "1/2-1/2"]
[WhiteElo "2505"]
[BlackElo "2590"]

1.d4 Nf6 2.c4 e6 3.Nf3 b6 4.g3 Ba6 5.b3 Bb7 6.Bg2 Bb4+ 7.Bd2 Be7 8.Nc3 O-O
9.Qc2 Na6 10.O-O c5 11.Rad1 cxd4 12.Nxd4 Bxg2 13.Kxg2 Qc8 14.Qd3  1/2-1/2

[Event "Balatonbereny"]
[Site "Balatonbereny"]
[Date "1996.??.??"]
[Round "10"]
[White "Kallai, Gabor"]
[Black "Dao Thien Hai"]
[Result "1/2-1/2"]
[WhiteElo "2495"]
[BlackElo "2560"]

1.d4 Nf6 2.c4 e6 3.Nf3 b6 4.g3 Ba6 5.Qa4 Bb7 6.Bg2 c5 7.dxc5 bxc5 8.O-O Be7
9.Nc3 O-O 10.Bf4 Qb6 11.Rfd1 Rd8  1/2-1/2

[Event "Regionalliga SO9596"]
[Site "Bayern"]
[Date "1996.??.??"]
[Round "?"]
[White "Lautner, Josef"]
[Black "Kaiser, Wolfgang"]
[Result "1/2-1/2"]
[WhiteElo "2145"]
[BlackElo "2355"]

1.d4 Nf6 2.c4 e6 3.Nf3 b6 4.g3 Ba6 5.b3 Bb4+ 6.Bd2 Be7 7.Bg2 c6 8.Bc3 d5
9.Nbd2 Nbd7 10.O-O O-O 11.Re1 Rc8 12.e4 c5 13.exd5 exd5 14.Bb2 Re8 15.Rc1 Bb7
16.Nh4 g6 17.Nf1 Ne4  1/2-1/2

[Event "Oberliga Bayern9596"]
[Site "Bayern"]
[Date "1996.??.??"]
[Round "?"]
[White "Arbakov, Valentin"]
[Black "Kostic, Vladimir"]
[Result "1-0"]
[WhiteElo "2455"]
[BlackElo "2410"]

1.c4 e6 2.d4 Nf6 3.Nf3 b6 4.g3 Ba6 5.b3 b5 6.cxb5 Bxb5 7.Bg2 a5 8.O-O d5
9.Nc3 Ba6 10.Ne5 Bb4 11.Bb2 O-O 12.Qc2 Qe7 13.Rfc1 Ra7 14.Na4 Bb5 15.Nc5 Bxc5
16.dxc5 a4 17.e3 Nc6 18.Bf1 axb3 19.axb3 Rxa1 20.Rxa1 Bxf1 21.Nxc6 Qe8 22.Ne5 Bh3
23.c6 Qb8 24.f3 Qb5 25.Qd3 Qxd3 26.Nxd3 Bf5 27.Nc5 Rc8 28.g4 Bc2 29.Kf2 Ne8
30.Ke2 Bg6 31.Ra7 h5 32.h3 hxg4 33.hxg4 Rb8 34.Rb7 Ra8 35.Kd2 Kf8 36.Be5 Ke7
37.b4 Rc8 38.Na6 Nd6 39.Bxg7 Nc4+ 40.Ke2 Kd6 41.b5 Na5 42.Bb2 Nxc6 43.Ba3+ Kd7
44.Nc5+ Kd6 45.Ne4+ Ke5 46.Rxc7 dxe4 47.f4+ Kd5 48.Rxc8  1-0

[Event "Oberliga Bayern9596"]
[Site "Bayern"]
[Date "1996.??.??"]
[Round "?"]
[White "Pohl Kuemmel, Jens Uwe"]
[Black "Unzicker, Ferdinand"]
[Result "0-1"]
[WhiteElo "2265"]
[BlackElo "2305"]

1.d4 Nf6 2.c4 e6 3.Nf3 b6 4.g3 Ba6 5.b3 Bb4+ 6.Bd2 Be7 7.Bg2 c6 8.Bc3 d5
9.Ne5 Nfd7 10.Nxd7 Nxd7 11.Nd2 O-O 12.O-O f5 13.a4 Rc8 14.b4 Nf6 15.Qb3 Ne4
16.Bxe4 fxe4 17.b5 Bb7 18.a5 dxc4 19.Qxc4 cxb5 20.Qxe6+ Kh8 21.axb6 Bd5 22.Qg4 Rxc3
23.Rxa7 Bf6 24.b7 Qb6 25.Rfa1 Bxb7 26.e3 Rc2 27.Nb3 Be7 28.R1a2 Rxa2 29.Rxa2 Bd5
30.Rb2 Ba3 31.Rb1 Qf6 32.Qe2 Bc4 33.Qd2 Bb4 34.Qxb4 Qxf2+ 35.Kh1 Bf1  0-1

[Event "Lee Cup"]
[Site "Beijing"]
[Date "1996.??.??"]
[Round "10"]
[White "Ftacnik, Lubomir"]
[Black "Stohl, Igor"]
[Result "1/2-1/2"]
[WhiteElo "2610"]
[BlackElo "2560"]

1.d4 Nf6 2.c4 e6 3.Nf3 b6 4.g3 Ba6 5.Nbd2 Bb7 6.Bg2 c5 7.e4 cxd4 8.Nxd4 Bc5
9.Nc2 Qc7 10.b4 Be7 11.Bb2 a5 12.a3 Na6 13.O-O O-O 14.e5 Ne8 15.Bxb7 Qxb7
16.Bc3 axb4 17.axb4 Nec7 18.Qf3 Qxf3 19.Nxf3 b5 20.c5 Nd5 21.Bd2 f6 22.Ra5 Nac7
23.Rfa1 fxe5 24.Nxe5 Rxa5 25.Rxa5 d6 26.cxd6 Bxd6 27.Nc6 Rf3 28.Ne3 Nxe3
29.Bxe3 Rf5 30.Kf1 Nd5 31.Bd2 Bc7 32.Ra8+ Rf8 33.Rxf8+ Kxf8 34.Nd4 Bd6 35.Nxe6+ Kf7
36.Nd4 Nxb4 37.Nxb5 Bc5 38.Nc3 Nc6 39.Ne4 Bb6 40.h4 h5 41.Ke2 Ne7 42.Ng5+ Kg6
43.Be3 Ba5 44.Bd4 Nf5 45.Bc5 Kf6 46.Kf3 Ke5 47.Nh3 g6 48.Nf4 Kf6 49.Ke4 Be1
50.Bb6 Nd6+ 51.Kd5 Nf5 52.Bd8+ Kf7 53.Nd3 Bc3 54.Bc7 Bd4 55.Be5 Ba7 56.Bc3 Bb8
57.Kc6 Nxg3 58.Be5 Bxe5 59.Nxe5+ Ke6 60.Nxg6 Ne4 61.Nf4+  1/2-1/2

[Event "Belgrade Yugometal (Women)"]
[Site "Belgrade"]
[Date "1996.??.??"]
[Round "2"]
[White "Bojkovic, Natasa"]
[Black "Vuksanovic, Sanja"]
[Result "0-1"]
[WhiteElo "2405"]
[BlackElo "2250"]

1.d4 e6 2.Nf3 Nf6 3.c4 b6 4.g3 Ba6 5.Qa4 c5 6.Bg2 Bb7 7.O-O cxd4 8.Nxd4 Bxg2
9.Kxg2 Qc7 10.Nc3 Be7 11.f3 a6 12.Rd1 Nc6 13.Bf4 Qb7 14.Nxc6 dxc6 15.Bd6 Rd8
16.Qa3 Bxd6 17.Rxd6 O-O 18.Rad1 Rxd6 19.Qxd6 b5 20.b3 h6 21.Qc5 bxc4 22.bxc4 Qb2
23.Rd3 Qb7 24.Nd1 Rc8 25.Nc3 Rb8 26.Qe5 Rc8 27.Qc5 Rb8 28.Qd6 a5 29.Qe5 Ra8
30.Qc5 a4 31.Rd6 Ra6 32.Qd4 Qb4 33.Ne4 Ra8 34.Nxf6+ gxf6 35.Rxc6 Qe1 36.Qe4 Rb8
37.Rd6 Kg7 38.Qg4+ Kh7 39.Qe4+ f5 40.Qd3 Rb2 41.Kh3 Qf1+ 42.Kh4 Rxe2 43.h3 Qc1
44.f4 Re3 45.Qd1 Qc3 46.Qg1  0-1

[Event "Benasque op"]
[Site "Benasque"]
[Date "1996.??.??"]
[Round "7"]
[White "Roeder, Mathias"]
[Black "Kiselev, Sergey"]
[Result "1/2-1/2"]
[WhiteElo "2435"]
[BlackElo "2545"]

1.d4 Nf6 2.Nf3 e6 3.c4 b6 4.g3 Ba6 5.b3 Bb4+ 6.Bd2 Be7 7.Bg2 c6 8.Bc3 d5
9.Nbd2 Nbd7 10.O-O Bb7 11.Re1 c5 12.e4 dxe4 13.Ng5 cxd4 14.Bxd4 O-O 15.Ndxe4 Qc7
16.Nxf6+ Bxf6 17.Bxf6 Nxf6 18.Bxb7 Qxb7 19.Qf3 Qe7 20.Ne4 Nxe4 21.Qxe4 Rad8
22.Rad1 h6  1/2-1/2

[Event "Benasque op"]
[Site "Benasque"]
[Date "1996.??.??"]
[Round "8"]
[White "Novikov, Igor A"]
[Black "Pogorelov, Ruslan"]
[Result "1/2-1/2"]
[WhiteElo "2585"]
[BlackElo "2450"]

1.d4 Nf6 2.c4 e6 3.Nf3 b6 4.g3 Ba6 5.b3 Bb4+ 6.Bd2 Be7 7.Nc3 c6 8.e4 d5 9.e5 Ne4
10.Bd3 Nxc3 11.Bxc3 c5 12.dxc5 bxc5 13.cxd5 Qxd5 14.Bxa6 Nxa6 15.Qe2 Qb7
16.O-O O-O 17.Rfd1 Rfd8 18.Nd2 Nc7 19.Nc4 Rxd1+ 20.Rxd1 Nd5 21.Ba5 Qc6 22.Rd3 Rb8
23.Qd1 Rb7 24.Be1 Rd7 25.f3 Nb6 26.Rxd7 Nxd7 27.Ba5 h5 28.Qd3 g6 29.Kf2 Kf8
30.Ke2  1/2-1/2

[Event "Berliner Sommer"]
[Site "Berlin"]
[Date "1996.??.??"]
[Round "6"]
[White "Dydyshko, Viacheslav"]
[Black "Lingnau, Carsten"]
[Result "1/2-1/2"]
[WhiteElo "2545"]
[BlackElo "2380"]

1.d4 Nf6 2.c4 e6 3.Nf3 b6 4.g3 Ba6 5.b3 Bb7 6.Bg2 Bb4+ 7.Bd2 c5 8.Bxb4 cxb4
9.O-O O-O 10.Nbd2 d6 11.Qb1 a5 12.e4 e5 13.Qb2 Nc6 14.d5 Nb8 15.Nh4 Na6 16.f4 exf4
17.gxf4 Nxd5 18.cxd5 Qxh4 19.Nc4 Rad8 20.Nxb6 Nc5 21.Qd4 Ba6 22.Nc4 Bxc4
23.Qxc4 Rc8 24.Rac1 Qf6 25.Kh1 Rfe8 26.Qe2 Qd4 27.Rcd1 Qf6 28.Rc1 Qd4 29.Rcd1 Qf6
30.Rc1  1/2-1/2

[Event "Berliner Sommer"]
[Site "Berlin"]
[Date "1996.??.??"]
[Round "7"]
[White "Tregubov, Pavel V"]
[Black "Lalic, Bogdan"]
[Result "1/2-1/2"]
[WhiteElo "2520"]
[BlackElo "2565"]

1.d4 Nf6 2.c4 e6 3.Nf3 b6 4.g3 Ba6 5.b3 b5 6.cxb5 Bxb5 7.Bg2 Bb4+ 8.Bd2 a5
9.O-O Bc6 10.a3 Bxd2 11.Nbxd2 d5 12.Ne5 O-O 13.Qc2 Bb7 14.Rfd1 c6 15.e3 Qe7
16.Qc3 Nfd7 17.Nd3 Rc8 18.Bf1 Qd8 19.b4 axb4 20.axb4 Rxa1 21.Rxa1 Ba6 22.Nc5 Bxf1
23.Kxf1 Qb6 24.Ndb3 Nf6 25.Kg2 h5 26.Ra8 Rf8 27.Nc1 Nbd7 28.Nxd7 Nxd7 29.Ra5 Rb8
30.Nd3 g6 31.Qc2 Kg7 32.Qa4 Qc7 33.Ra6 Rb5 34.Qa3 e5 35.dxe5 Nxe5 36.Qa1 d4
37.Nxe5 Qxe5 38.Qxd4  1/2-1/2